01433cam a22003737a 4500003000500000005001700005008004100022010001000063011001000073035001000083040000900093090001000102100004900112245015600161260004000317300001100357502008100368590003700449590004100486590004100527590004100568590004200609650003500651650003500686650003000721650003000751650003300781901000700814905002600821942001000847949005000857999001700907952013500924CHAP20220329142316.0000606d1998 mx r 00110 spa d a81408 a82380 a92872 cCHAP aTesis00aEspinoza Arellano, José de Jesús.93802810aMéxico-U.S.-Caribbean nations melon trade :ba simulation analysis of economic forces and government policiescby José de Jesús Espinoza Arellano aSaltillo, Coah. :bEl autor,c1998. a188 h. aTesis (Doctor of Philosophy) -- Universidad Autónoma Agraria Antonio Narro aALEPHb10c20130110lUCH01h1436 aBATCH-UPDb10c20130110lUCH01h1210 aBATCH-UPDb10c20130410lUCH01h0749 aBATCH-UPDb10c20130914lUCH01h1559 aCONVERSIONb10c20130109lUCH01h134514aMelónxExportación.97445414aMelónxImportación.97446314aMelónxMercadeo.97446714aMelónxMéxico.97447014aMelónxRendimiento.974477 aBK aAlejandra Carrasco M. cTESIS bBCcTESd33724000783015eTS1h36491i92872sb c81408d81408 00102local4051708TESISaBCbBCcPA_TESISd2019-12-31fTESISl0oTesisp33724000783015r2019-12-31 00:00:00w2019-12-31yTESIS